| 000 | 004830000a22001930004500 | ||
|---|---|---|---|
| 001 | 001983 | ||
| 003 | MACL | ||
| 005 | 20150908125008.0 | ||
| 008 | 150908b xxu||||| |||| 00| 0 eng d | ||
| 040 |
_aMACL _cMACL |
||
| 041 | _aEnglish | ||
| 082 | _a808.831/MUK | ||
| 100 |
_aMitra, Premendra _99206 |
||
| 245 |
_aMindscape _bMitra, Premendra _cPremendra Mitra |
||
| 260 |
_aNew Delhi _c2000 _bSahitya Akademi, |
||
| 350 | _a65 | ||
| 650 |
_aLiterature _99207 |
||
| 942 |
_k809 _cBK _2ddc |
||
| 999 |
_c13899 _d13899 |
||